The Alexandrian Corinthian capital and its role in the evolution of the Corinthian order in Hellenistic, Roman, and late Roman architecture : a comparative study (3rd century BC-7th century AD) /

The Alexandrian Corinthian Capital and its Role in the Evolution of the Corinthian Order in Hellenistic, Roman, and Late Roman Architecture discusses the evolution of the Corinthian capital in Antiquity and how this centred around Alexandria rather than Mainland Greece. It tackles the rise of the Co...

وصف كامل

محفوظ في:

المؤلف الرئيسي: Bassioni, Ahmed M. (مؤلف)

التنسيق: كتاب الكتروني

اللغة: English

منشور في: Oxford : Archaeopress Publishing Ltd, 2022.

سلاسل: Access archaeology.

الموضوعات:

الوصول للمادة أونلاين: Login to view Source

الوسوم: إضافة وسم

لا توجد وسوم, كن أول من يضع وسما على هذه التسجيلة!

رقم الطلب: NA260

LEADER 02520nam a2200433 i 4500
001 EDZ0002769618
003 StDuBDS
005 20230412183247.0
006 m|||||o||d||||||||
007 cr |||||||||||
008 220419s2022 enka fob 000|0|eng|d
020 |a 9781803272405 (PDF ebook) :  |c No price 
040 |a StDuBDS  |b eng  |c StDuBDS  |e rda  |e pn 
050 4 |a NA260 
082 0 4 |a 722.8  |2 23 
100 1 |a Bassioni, Ahmed M.,  |e author. 
245 1 4 |a The Alexandrian Corinthian capital and its role in the evolution of the Corinthian order in Hellenistic, Roman, and late Roman architecture :  |b a comparative study (3rd century BC-7th century AD) /  |c Ahmed M. Bassioni. 
264 1 |a Oxford :  |b Archaeopress Publishing Ltd,  |c 2022. 
300 |a 1 online resource (179 pages) :  |b illustrations (black and white, and colour). 
336 |a text  |2 rdacontent 
336 |a still image  |2 rdacontent 
337 |a computer  |2 rdamedia 
338 |a online resource  |2 rdacarrier 
490 1 |a Access archaeology 
500 |a Also issued in print: 2022. 
504 |a Includes bibliographical references. 
506 0 |a Open access. 
520 8 |a The Alexandrian Corinthian Capital and its Role in the Evolution of the Corinthian Order in Hellenistic, Roman, and Late Roman Architecture discusses the evolution of the Corinthian capital in Antiquity and how this centred around Alexandria rather than Mainland Greece. It tackles the rise of the Corinthian capital in Classical Greece and its adaptation on in Hellenistic Alexandria. It describes the different designs of the Alexandrian capitals and later their adaptations throughout the Hellenistic world, the Roman Empire, and the early centuries of the Byzantine Empire and neighbouring countries. The book also shows how the Hellenistic versions of the Alexandrian capitals continued to be used in the Roman period both directly and indirectly. 
521 |a Specialized. 
588 |a Description based on online resource; title from PDF title page (viewed on May 30, 2022). 
650 0 |a Capitals (Architecture), Corinthian. 
650 0 |a Architecture, Classical. 
651 0 |a Alexandria (Egypt)  |x Buildings, structures, etc. 
776 0 8 |i Print version :  |z 9781803272399 
830 0 |a Access archaeology. 
856 4 0 |3 Archaeopress  |u http://library.arce.org:8087/Archaeopress/Products/9781803272399 
942 |2 lcc  |c EBOOK 
952 |0 0  |1 0  |4 0  |6 NA0260  |7 1  |9 46916  |a ARCH  |b ARCH  |d 2023-04-12  |l 0  |o NA260  |r 2023-04-12 00:00:00  |w 2023-04-12  |y EBOOK 
999 |c 52574  |d 52574